Statistics for Countries Bordering Unknown Sea #1 (no letter prompts)

Click here to take the quiz!

General Stats

  • This quiz has been taken 201 times
  • The average score is 7 of 7

Answer Stats

Country% Correct
Italy
99%
Albania
98%
Croatia
98%
Montenegro
97%
Bosnia and Herzegovina
96%
Slovenia
95%
Adriatic Sea
92%

Score Distribution

Percentile by Number Answered

Percent of People with Each Score

Your Score History

You have not taken this quiz